| 000 | 00337nam a2200121Ia 4500 | ||
|---|---|---|---|
| 008 | 190216s9999||||xx |||||||||||||| ||und|| | ||
| 100 | _aMichael M Abbott & Hendrick C Van Ness | ||
| 245 | 0 | _aSchaum`S Series Theory And Problems Of Thermodyanamics | |
| 260 |
_bMcgraw -hill _c1976 |
||
| 300 | _a340p | ||
| 650 | _aChemistry | ||
| 942 | _cBK | ||
| 999 |
_c2287 _d2287 |
||